Rappeur français avec un titre 9 - Statistiques

Statistiques générales
  • Ce quiz a été pris 3 141 fois
  • Le résultat moyen est 6 sur 15
Statistiques - réponses
Titre Rappeur % Correct
Amber Zola
94%
Flashback (ft Gazo) Favé
77%
Casanova (ft Gazo) Soolking
76%
1, 2, 3 soleil (ft keblack) Naza
61%
Moly Gazo
60%
Dingue Plk
57%
Pour deux âme solitaire Luidji
45%
Fade up (ft Sch x Hamza) Zeg
40%
Ignorant Vald
26%
Canada (ft Vald) Heuss l'enfoiré
21%
Salope ! Bigflo & oli
19%
Toujours plus (ft Orelsan) Lorenzo
16%
Bonhomme de neige Rim'k
11%
4x4 merco Rever
6%
Ma story (ft Angele) Caballero et jeanjass
4%
Aucun quiz correspondant
Distribution des résultats
% des personnes avec chaque résultat
Percentile par nombre de réponses
Votre historique - résultats
Vous n’avez pas pris ce quiz